000 00336nam a22001217a 4500
082 _a338.90095491
100 _aNadeem ul Haq (Abdus Samad)
245 _aPakistan: muaashi, taaleemi aur samaji islahat
260 _aIslamabad
_bPakistan Institute of Development Economics
300 _a228p
563 _aP.B
942 _2ddc
_cBK
999 _c590162
_d590162